Robotics / (Record no. 32991)

000 -LEADER
fixed length control field 01699cam a22003977a 4500
001 - CONTROL NUMBER
control field 7921013
003 - CONTROL NUMBER IDENTIFIER
control field OSt
005 - DATE AND TIME OF LATEST TRANSACTION
control field 20211122102013.0
006 - FIXED-LENGTH DATA ELEMENTS--ADDITIONAL MATERIAL CHARACTERISTICS
fixed length control field m d
007 - PHYSICAL DESCRIPTION FIXED FIELD--GENERAL INFORMATION
fixed length control field cr n
008 - FIXED-LENGTH DATA ELEMENTS--GENERAL INFORMATION
fixed length control field 091001s2010 ne a sb 001 0 eng d
016 7# - NATIONAL BIBLIOGRAPHIC AGENCY CONTROL NUMBER
Record control number 22275512
Source bccb
020 ## - INTERNATIONAL STANDARD BOOK NUMBER
International Standard Book Number 9789048137756 (acidfree paper)
035 ## - SYSTEM CONTROL NUMBER
System control number (WaSeSS)ssj0000372539
038 ## - RECORD CONTENT LICENSOR
Staff Name khadija
040 ## - CATALOGING SOURCE
Original cataloging agency BTCTA
Language of cataloging eng
Transcribing agency BTCTA
Modifying agency YDXCP
-- BWX
-- OHX
-- NUI
-- MUU
-- CDX
-- NLGGC
-- LML
-- FER
-- DLC
-- WaSeSS
042 ## - AUTHENTICATION CODE
Authentication code lccopycat
050 #4 - LIBRARY OF CONGRESS CALL NUMBER
Classification number TJ211
Item number .R5562 2010
082 ## - DEWEY DECIMAL CLASSIFICATION NUMBER
Classification number 629.892
Author Mark ROB
100 ## - MAIN ENTRY--PERSONAL NAME
Personal name Bajd, Tadej
9 (RLIN) 84844
210 10 - ABBREVIATED TITLE
Abbreviated title Robotics
245 00 - TITLE STATEMENT
Title Robotics /
Statement of responsibility, etc. Tadej Bajd ... [et al.].
260 ## - PUBLICATION, DISTRIBUTION, ETC.
Place of publication, distribution, etc. Dordrecht ;
-- New York :
Name of publisher, distributor, etc. Springer,
Date of publication, distribution, etc. c2010.
490 1# - SERIES STATEMENT
Series statement Intelligent systems, control, and automation : science and engineering ;
Volume/sequential designation v. 43
504 ## - BIBLIOGRAPHY, ETC. NOTE
Bibliography, etc. note Includes bibliographical references (p. 149) and index.
505 0# - FORMATTED CONTENTS NOTE
Formatted contents note Introduction -- Homogenous transformation matrices -- Geometric description of the robot mechanism -- Two-segment robot manipulator -- Robot sensors -- Trajectory planning -- Robot control -- Robot environment -- Standards and safety in robotics.
506 ## - RESTRICTIONS ON ACCESS NOTE
Terms governing access License restrictions may limit access.
563 ## - BINDING INFORMATION
Binding note HB
650 #0 - SUBJECT ADDED ENTRY--TOPICAL TERM
Topical term or geographic name entry element Robotics.
9 (RLIN) 84845
700 1# - ADDED ENTRY--PERSONAL NAME
Personal name Bajd, Tadej,
Dates associated with a name 1949-
9 (RLIN) 84846
773 #0 - HOST ITEM ENTRY
Title SpringerLink ebooks - Engineering (2010)
830 #0 - SERIES ADDED ENTRY--UNIFORM TITLE
Uniform title International series on intelligent systems, control and automation--science and engineering ;
Volume/sequential designation v. 43.
9 (RLIN) 84847
856 40 - ELECTRONIC LOCATION AND ACCESS
Uniform Resource Identifier <a href="http://www.columbia.edu/cgi-bin/cul/resolve?clio7921013">http://www.columbia.edu/cgi-bin/cul/resolve?clio7921013</a>
Public note Full text available from SpringerLink ebooks - Engineering (2010)
910 ## - USER-OPTION DATA (OCLC)
User-option data Library of Congress record
942 ## - ADDED ENTRY ELEMENTS (KOHA)
Source of classification or shelving scheme
Koha item type Book
Holdings
Withdrawn status Lost status Source of classification or shelving scheme Damaged status Not for loan Permanent Location Current Location Date acquired Total Checkouts Total Renewals Full call number Barcode Date last seen Date last checked out Price effective from Koha item type
          School of Mechanical & Manufacturing Engineering (SMME) School of Mechanical & Manufacturing Engineering (SMME) 12/17/2015 2 2 629.892 ROB SMME-2013 12/31/2024 09/16/2024 12/17/2015 Book
© 2023 Central Library, National University of Sciences and Technology. All Rights Reserved.